La Seconde Guerre mondiale (niveau avancé) - Partie 2 - Statistiques

Statistiques générales
  • Ce quiz a été pris 57 fois
  • Le résultat moyen est 4 sur 12
Statistiques - réponses
Hint Réponse % Correct
Nom de l'armée de l'air britannique Royal Air Force
73%
Débarquement en août 1944 par une majorité de forces françaises Provence
63%
Général français ayant commandé à la bataille de Montcornet le 17 mai 1940 Charles de Gaulle
59%
Général allemand, fervent partisan de l'utilisation des chars, vainqueur durant la bataille de France. Guderian
49%
Célèbre série documentaire française sur la Seconde Guerre mondiale avec des images recolorisées Apocalypse
37%
Bidon d'essence de quelques litres, inventé en Allemagne, puis progressivement utilisé par tous les autres pays Jerrican
37%
Représentant du nazisme en Grande-Bretagne Oswald Mosley
27%
Célèbre char français B1
24%
Colonel, célèbre pour avoir organisé l'attentat contre Hitler en juillet 1944 Stauffenberg
20%
Célèbre avion de chasse allemand Messerschmitt
17%
Méthamphétamine donnés aux soldats de la Wehrmacht Pervitin
15%
Loi votée aux États-Unis qui fournit une aide matérielle et financière massive aux Alliés Lend-Lease
12%
Aucun quiz correspondant
Distribution des résultats
% des personnes avec chaque résultat
Percentile par nombre de réponses
Votre historique - résultats
Vous n’avez pas pris ce quiz